[Event "Bundesliga 8889"]
[Site "Germany"]
[Date "1989.??.??"]
[Round "?"]
[White "Gschnitzer, Oswald"]
[Black "Thesing, Matthias"]
[Result "1/2-1/2"]
[WhiteElo "2410"]
[BlackElo "2365"]

1.d4 d5 2.c4 e6 3.Nf3 Nf6 4.Nc3 c6 5.e3 Nbd7 6.Bd3 dxc4 7.Bxc4 b5 8.Bd3 a6
9.e4 c5 10.d5 c4 11.dxe6 cxd3 12.exd7+ Qxd7 13.O-O Bb7 14.Re1 Be7 15.e5 Nd5
16.Ne4 O-O 17.Qxd3 Qg4 18.a3 Rac8 19.Ng3 Rc4 20.h3 Qc8 21.Nf5 Bc5 22.Ng5 g6
23.Nh6+ Kg7 24.Ne4 Re8 25.Ng4 h5 26.Ngf6 Rxe5 27.Qd2 Be3 28.fxe3 Nxf6 29.Nd6 Qc6
30.Nxc4 bxc4 31.Re2 Ne4 32.Qd4 f6 33.Bd2 Ng3 34.Rf2 Ne4 35.Rf3 Ng5 36.Raf1 Nxf3+
37.Rxf3 Rf5 38.e4 Qxe4 39.Qxe4 Bxe4 40.Rxf5 Bxf5 41.h4 Be4 42.g3 Kf7 43.Be3  1/2-1/2

[Event "BL2-N8889"]
[Site "Germany"]
[Date "1989.??.??"]
[Round "?"]
[White "Hegeler, Frank"]
[Black "Wockenfuss, Klaus"]
[Result "0-1"]
[WhiteElo "2240"]
[BlackElo "2405"]

1.d4 d5 2.c4 c6 3.Nc3 Nf6 4.e3 e6 5.Nf3 Nbd7 6.Bd3 Bb4 7.a3 Ba5 8.O-O O-O
9.Qc2 Re8 10.Rd1 e5 11.dxe5 Nxe5 12.Nxe5 Rxe5 13.cxd5 cxd5 14.b4 Bb6 15.Bb2 Bg4
16.Be2 Rc8 17.Qd2 Qd7 18.Rac1 Rd8 19.Nb5 Ne4 20.Qc2 Rg5 21.Bd4 Bh3 22.g3 Rg6
23.Bxb6 Rxb6 24.Qc7 Qe8 25.Nxa7 Rf6 26.Bf1 Nxf2 27.Re1 Ra8 28.Qxb7 h5 29.Rc7 Rxa7
30.Qxa7 Qe4  0-1

[Event "Bundesliga 8889"]
[Site "Germany"]
[Date "1989.??.??"]
[Round "?"]
[White "Stangl, Markus"]
[Black "Mueller, Karsten"]
[Result "1/2-1/2"]
[WhiteElo "2360"]
[BlackElo "2265"]

1.Nf3 d5 2.d4 c6 3.c4 e6 4.e3 Nf6 5.Nc3 Nbd7 6.Qc2 Bd6 7.Be2 O-O 8.O-O dxc4
9.Bxc4 e5 10.h3 Qe7 11.Bb3 h6 12.Nh4 Re8 13.Nf5 Qf8 14.Bd2 Nb6 15.dxe5 Bxe5
16.Rae1 Nbd5 17.Nd1 Ne4 18.Nd4 Bxd4 19.exd4 Bf5 20.Qc1 Nef6 21.Re5 Be6 22.a3 Qd6
23.Bxh6 Nd7 24.Rg5 g6 25.Rg3 Bf5 26.Qg5 Qf6 27.Qd2 Re4 28.Ne3 Rxd4 29.Nxd5 cxd5
30.Qc3 Be6 31.Bg5 Qg7 32.Re1 Nf8 33.Bh6 Qh8 34.Be3 Re4 35.Qxh8+ Kxh8 36.f3 Rh4
37.Bg5 Rh5 38.Bf6+ Kg8 39.Rc1 d4 40.Bd1 Rd5 41.f4 Bf5 42.Bb3 Rd7 43.Rd1  1/2-1/2

[Event "BL2-S8889"]
[Site "Germany"]
[Date "1989.??.??"]
[Round "?"]
[White "Witke, Thomas"]
[Black "Dittmar, Peter"]
[Result "1-0"]
[WhiteElo "2330"]
[BlackElo "2250"]

1.c4 c6 2.d4 d5 3.Nc3 Nf6 4.e3 e6 5.Nf3 a6 6.Qc2 Nbd7 7.Bd2 Bd6 8.e4 dxe4
9.Nxe4 Nxe4 10.Qxe4 c5 11.Bc3 Nf6 12.Qh4 cxd4 13.Qxd4 Qc7 14.Rd1 Bc5 15.Qh4 Be7
16.Qg3 Qxg3 17.hxg3 b6 18.g4 Kf8 19.Ne5 Ne4 20.Bd4 Bb4+ 21.Ke2 Bb7 22.Bxb6 Bd6
23.Rxd6 Nxd6 24.Bc5 Rd8 25.Rh3 Be4 26.Rb3 f6 27.Bxd6+ Rxd6 28.Rb8+ Ke7 29.Rxh8 fxe5
30.Ke3 Bg6 31.Ra8 Rc6 32.b4 Rd6 33.g5 Rd1 34.Be2 Rb1 35.Ra7+ Kf8 36.c5 Rxb4
37.c6 Re4+ 38.Kd2 Rd4+ 39.Kc3 Rd6 40.Rxa6 Be4 41.c7  1-0

[Event "Bundesliga 8889"]
[Site "Germany"]
[Date "1989.??.??"]
[Round "?"]
[White "Michaelsen, Nils"]
[Black "Simon, Ralf Axel"]
[Result "0-1"]
[WhiteElo "2360"]
[BlackElo "2320"]

1.d4 d5 2.c4 e6 3.Nf3 Nf6 4.Nc3 c6 5.e3 Nbd7 6.Qc2 Bd6 7.b3 O-O 8.Be2 dxc4
9.bxc4 e5 10.O-O Re8 11.Bb2 Qe7 12.Rfe1 e4 13.Nd2 Nf8 14.f3 exf3 15.Bxf3 Ng4
16.Nf1 Qh4 17.g3 Qg5 18.e4 Ne6 19.Rad1 Qf6 20.Bxg4 Nxd4 21.Rxd4 Qxd4+ 22.Kg2 Qxc4
23.Ne3 Qc5 24.Nf5 Be5 25.Qd2 Bxf5 26.exf5 Rad8 27.Qe2 h5 28.Bxh5 Bxc3 29.Qxe8+ Rxe8
30.Rxe8+ Kh7 31.Bxf7 Qxf5 32.Bg8+ Kg6 33.Re6+ Bf6 34.Bxf6 Qc2+ 35.Kh3 gxf6
36.Re7 Qb2 37.Bb3 b5 38.Rc7 Qe5 39.Rxc6 Qh5+ 40.Kg2 Qe2+ 41.Kh3 Kg5 42.Rc1 a5
43.a4 Qe3 44.Rb1 Qd3 45.Bc2 Qxc2 46.Rxb5+ f5 47.Rxa5 Qf2  0-1

[Event "BL2-N8889"]
[Site "Germany"]
[Date "1989.??.??"]
[Round "?"]
[White "Behrens, Harald"]
[Black "Lueders, Gerhard"]
[Result "1/2-1/2"]
[WhiteElo "2305"]
[BlackElo "2215"]

1.d4 Nf6 2.Nf3 d5 3.c4 c6 4.Nc3 e6 5.e3 Ne4 6.Bd3 f5 7.O-O Nd7 8.Ne2 Bd6
9.b3 O-O 10.Bb2 Qf6 11.a4 Rf7 12.Nf4 g5 13.Nh5 Qh6 14.Ne5 Bxe5 15.dxe5 g4
16.Bxe4 Qxh5 17.cxd5 cxd5 18.Bxd5 Nb6 19.Bc4 Nxc4 20.bxc4 Bd7 21.a5 Bc6 22.Qd6 Re8
23.a6 Rd7 24.Qc5 Be4 25.axb7 Rxb7 26.Bd4 Ree7 27.Qd6 Qe8 28.Rfc1 Rbc7 29.Rc3 Qa8
30.c5 Bxg2 31.c6 Bxc6 32.e4 Rcd7 33.Qxc6 Qxc6 34.Rxc6 Rxd4 35.exf5 exf5 36.Rca6 Re4
37.Rxa7 R4xe5 38.Kg2 Kf7 39.h3 h5 40.Rxe7+ Kxe7 41.Ra2 Kf6 42.hxg4 hxg4 43.f3 gxf3+
44.Kxf3 Rb5 45.Ra3 Kg5 46.Kg3 Rb8 47.Rc3 Rh8 48.Rc5  1/2-1/2

[Event "Groningen"]
[Site "Groningen"]
[Date "1989.??.??"]
[Round "?"]
[White "Piket, Jeroen"]
[Black "Brenninkmeijer, Joris"]
[Result "1-0"]
[WhiteElo "2540"]
[BlackElo "2445"]

1.d4 d5 2.c4 c6 3.Nc3 Nf6 4.e3 e6 5.Nf3 Nbd7 6.Be2 dxc4 7.a4 Bb4 8.O-O O-O
9.Bxc4 Qe7 10.Ne5 c5 11.Qe2 Rd8 12.Nf3 h6 13.Rd1 cxd4 14.exd4 Nb6 15.Bb3 Nbd5
16.Rd3 b6 17.Ne5 Bb7 18.Rg3 Kf8 19.Bd2 Rac8 20.Re1 Nc7 21.Qd3 Bd6 22.Qe3 Nce8
23.a5 Bxe5 24.dxe5 Nd5 25.Nxd5 Bxd5 26.Ba4 Qc5 27.axb6 axb6 28.Qxc5+ bxc5
29.Ba5 Nc7 30.Rc3 Bb7 31.Rxc5 Na6 32.Rxc8 Rxc8 33.b4 Rc4 34.Rb1 Be4 35.Bb5 Rd4
36.Rc1 Bb7 37.f3 f6 38.exf6 gxf6 39.Bf1 Kf7 40.b5 Nb8 41.Rc7+ Rd7 42.Rc4 f5
43.Bc3 Bd5 44.Rc8 Rb7 45.Rh8 Kg6 46.Bd2 Nd7 47.Rxh6+  1-0

[Event "Groningen op"]
[Site "Groningen"]
[Date "1989.??.??"]
[Round "2"]
[White "Douven, Rudy C"]
[Black "Blauert, Joerg"]
[Result "1/2-1/2"]
[WhiteElo "2445"]
[BlackElo "2275"]

1.d4 Nf6 2.c4 e6 3.Nf3 d5 4.Nc3 c6 5.e3 Nbd7 6.Qc2 Bd6 7.Be2 O-O 8.O-O e5
9.cxd5 cxd5 10.Nb5 Bb8 11.dxe5 Nxe5 12.Nxe5 Bxe5 13.Bd2 Ne4 14.f4 Bb8 15.Bb4 Re8
16.Nd4 Bd7 17.Qb3 Bc6 18.Rac1 a5 19.Be1 Ba7 20.Qd1 Qf6 21.Rf3 Bxd4 22.exd4 Re7
23.Bf1 Nd6 24.Rc5 a4 25.Bf2 Ne4 26.Rc2 Nxf2 27.Rfxf2 Re4 28.Rcd2 Rxf4 29.g3 Rxf2
30.Rxf2 Qd6 31.a3 Re8 32.Qf3 Re7 33.Re2 Re4 34.Rf2 Qe7 35.Rd2 Qg5 36.Rf2 Qe7
37.Rd2 Qg5 38.Rf2 f6 39.Qc3 Qe3 40.Bd3 Qe1+ 41.Kg2 Re8 42.Qc2 h6 43.Re2 Rxe2+
44.Qxe2 Qxe2+ 45.Bxe2 f5 46.h4 g5 47.hxg5 hxg5 48.Bd3 Bd7 49.Kf3 Kf7 50.Bf1 Ke6
51.Be2 Kd6 52.Bd3 Kc6 53.Bc2 Kb5 54.Bd3+ Ka5 55.Bc2 b5 56.Bd3 b4 57.Bc2 b3  1/2-1/2

[Event "Haifa zt (Women)"]
[Site "Haifa"]
[Date "1989.??.??"]
[Round "?"]
[White "Lematschko, Tatjana"]
[Black "Trabert, Bettina"]
[Result "1-0"]
[WhiteElo "2305"]
[BlackElo "2205"]

1.c4 c6 2.d4 d5 3.Nc3 e6 4.e3 Nf6 5.Nf3 Nbd7 6.Qc2 Bd6 7.a3 O-O 8.b4 Qe7
9.Bb2 a6 10.Be2 b5 11.c5 Bc7 12.a4 Bb7 13.O-O e5 14.axb5 axb5 15.Nxb5 cxb5
16.c6 e4 17.Ne5 Bxe5 18.dxe5 Nxe5 19.cxb7 Rxa1 20.Rxa1 Nc4 21.Ra7 Rb8 22.Bd4 Rxb7
23.Ra8+ Ne8 24.Bc5 Qe6 25.Bg4 Qc6 26.Qd1 g6 27.Rd8 f5 28.Be2 Nb6 29.h3 Kf7
30.Bxb6 Rxb6 31.Rxd5 Nf6 32.Rc5 Qb7 33.Qb3+ Kg7 34.Qc3 Kh6 35.g4 fxg4 36.hxg4 g5
37.Qe5 Qg7 38.f4 gxf4 39.Qxf4+ Kg6  1-0

[Event "EU-chT"]
[Site "Haifa"]
[Date "1989.??.??"]
[Round "1"]
[White "Groszpeter, Attila"]
[Black "Haugli, Petter"]
[Result "1-0"]
[WhiteElo "2515"]
[BlackElo "2365"]

1.d4 d5 2.c4 e6 3.Nc3 c6 4.Nf3 Nf6 5.e3 Nbd7 6.Bd3 dxc4 7.Bxc4 b5 8.Be2 Bb7
9.O-O Be7 10.e4 b4 11.e5 Nd5 12.Nxd5 cxd5 13.Bd3 O-O 14.Qc2 h6 15.Bf4 Qb6
16.Qe2 Rfc8 17.h4 a5 18.Rac1 Rxc1 19.Rxc1 Rc8 20.Rd1 Nb8 21.Ng5 g6 22.Nxf7 Kxf7
23.Bxh6 Ke8 24.Bxg6+ Kd7 25.h5 Ba6 26.Qg4 Rg8 27.Be3 Nc6 28.h6 Rh8 29.h7 Qd8
30.Rc1 Bb5 31.Bf7 Rxh7 32.Bg8 Rh4 33.Qxe6+ Kc7 34.Qxd5 Qxd5 35.Bxd5 Kd7 36.g3 Rh8
37.Be4 Nd8 38.d5 Nb7 39.Bf5+ Ke8 40.Rc8+ Nd8 41.Bg6+ Kd7 42.Ra8  1-0

[Event "EU-chT"]
[Site "Haifa"]
[Date "1989.??.??"]
[Round "2"]
[White "Arlandi, Ennio"]
[Black "Baudot, Denis"]
[Result "1-0"]
[WhiteElo "2395"]
[BlackElo "2290"]

1.d4 d5 2.c4 c6 3.Nc3 Nf6 4.e3 e6 5.Nf3 Bd6 6.Ne5 Nbd7 7.f4 O-O 8.Bd3 Ne8
9.O-O f5 10.c5 Be7 11.b4 Nef6 12.Bd2 Ne4 13.Rb1 Nxe5 14.fxe5 b5 15.a4 a6
16.Ra1 Bd7 17.Be2 Nxc3 18.Bxc3 Be8 19.Ra3 Bg6 20.Bd2 Qe8 21.Bf3 Rc8 22.Qe2 Qd7
23.Rfa1 Bg5 24.g3 Bd8 25.Be1 Be8 26.axb5 axb5 27.Ra6 Rf7 28.R1a3 Kf8 29.Bf2 Bg5
30.g4 Qd8 31.gxf5 Rxf5 32.Bg4 Bg6 33.Bxf5 Bxf5 34.Ra7 Kg8 35.Rb7 Qe8 36.Raa7 Qg6
37.Rxg7+ Qxg7 38.Rxg7+ Kxg7 39.h4 Bh6 40.Qa2 Rg8 41.Kf1 Bg6 42.Qa7+ Kh8 43.Qb7 Rf8
44.Ke1 Rf3 45.Qxc6 Bxe3 46.Bxe3 Rxe3+ 47.Kf2 Re4 48.Qxe6 Rxd4 49.c6  1-0

[Event "EU-chT"]
[Site "Haifa"]
[Date "1989.??.??"]
[Round "3"]
[White "Izeta Txabarri, Felix"]
[Black "Stisis, Yaacov"]
[Result "1-0"]
[WhiteElo "2340"]
[BlackElo "2270"]

1.d4 d5 2.c4 c6 3.Nf3 Nf6 4.Nc3 e6 5.e3 Nbd7 6.Qc2 Bd6 7.Bd2 O-O 8.O-O-O c5
9.cxd5 exd5 10.Kb1 Re8 11.Nb5 Bf8 12.dxc5 Nxc5 13.Bb4 Qb6 14.Bxc5 Bxc5 15.Rc1 Ne4
16.Bd3 Bd7 17.Bxe4 dxe4 18.Qxc5 Bxb5 19.Qxb6 axb6 20.Nd4 Bd3+ 21.Ka1 Rec8
22.Rxc8+ Rxc8 23.b3 g6 24.Kb2 Kg7 25.Rc1 Rc5 26.Rc3 Bf1 27.g3 Kf6 28.b4 Rxc3
29.Kxc3 Kg5 30.h4+ Kg4 31.Kd2 f6 32.Ne6 g5 33.Nd8 gxh4 34.gxh4 Kxh4 35.Nxb7 Kg4
36.Nd6 Bg2 37.a4 h5 38.a5 bxa5 39.bxa5 Bf1 40.Nxe4 h4 41.Nxf6+ Kf3 42.Ke1 h3
43.Ng4 Kg2 44.f3 Ba6 45.Nh2 Bd3 46.e4 Kg3 47.Kd2 Bxe4 48.fxe4 Kxh2 49.a6 Kg3
50.a7 h2 51.a8=Q h1=Q 52.Qg8+ Kf4 53.Qf7+ Ke5 54.Qd5+ Kf4 55.Qf5+ Kg3 56.Qg5+ Kf3
57.Qf5+ Kg3 58.e5 Qh6+ 59.Kc3 Qc6+ 60.Kd4 Qb6+ 61.Kd5 Qd8+ 62.Kc6 Qe8+ 63.Kd6 Qd8+
64.Qd7 Qb8+ 65.Ke6 Qg8+ 66.Kf6 Qf8+ 67.Qf7 Qd8+ 68.Kg6 Qb6+ 69.e6 Kh2 70.Qf4+ Kg1
71.Qf6 Qb1+ 72.Kg7 Qb7+ 73.e7 Kh1 74.Qh6+ Kg1 75.Qg6+ Kh1 76.Qh5+ Kg1 77.Qf7  1-0

[Event "EU-chT"]
[Site "Haifa"]
[Date "1989.??.??"]
[Round "9"]
[White "Groszpeter, Attila"]
[Black "Bryson, Douglas M"]
[Result "1-0"]
[WhiteElo "2515"]
[BlackElo "2275"]

1.d4 d5 2.c4 e6 3.Nf3 Nf6 4.Nc3 c6 5.e3 Nbd7 6.Bd3 dxc4 7.Bxc4 b5 8.Be2 Bb7
9.O-O a6 10.e4 c5 11.e5 Nd5 12.a4 c4 13.Bg5 Be7 14.Bxe7 Qxe7 15.axb5 Nxc3
16.bxc3 axb5 17.Rxa8+ Bxa8 18.Qa1 O-O 19.Qa6 Rb8 20.Rb1 Be4 21.Rxb5 Ra8 22.Qd6 Ra1+
23.Bf1 Bd3 24.Nd2 Qxd6 25.exd6 Rd1 26.Rb2 f6 27.f3 e5 28.dxe5 Nxe5 29.f4 Nd7
30.Kf2 Bxf1 31.Nxf1 Rxd6 32.Rb4 Nb6 33.Ne3 Rc6 34.Kf3 Kf7 35.g3 g6 36.Ke4 Ke6
37.Kd4 Rd6+ 38.Kc5 Nd5 39.Rxc4 Nxe3 40.Re4+ Kd7 41.Rxe3 Rd2 42.h4 f5 43.c4 Ra2
44.Rb3 Kc7 45.Kb5 Ra1 46.Re3 Kd7 47.Kb6 Rb1+ 48.Kc5 Ra1 49.Rd3+ Kc7 50.Kd5 Re1
51.Ra3 Rd1+ 52.Kc5 Rb1 53.Re3 Rd1 54.Kb5 Rc1 55.c5 Kd8 56.Kc6 Rd1 57.Rb3 Rg1
58.Kb7 Re1 59.c6 Rc1 60.Rd3+ Ke8 61.c7 Rb1+ 62.Kc6 Rc1+ 63.Kd6 Rc2 64.Rd5  1-0

[Event "Haninge"]
[Site "Haninge"]
[Date "1989.??.??"]
[Round "?"]
[White "Ftacnik, Lubomir"]
[Black "Smyslov, Vassily"]
[Result "1/2-1/2"]
[WhiteElo "2550"]
[BlackElo "2560"]

1.d4 d5 2.c4 c6 3.Nf3 Nf6 4.Nc3 e6 5.e3 Nbd7 6.Be2 Bd6 7.O-O O-O 8.b3 dxc4
9.bxc4 e5 10.Bb2 exd4 11.exd4 Re8 12.Qb3 Nf8 13.Rad1 Qb6 14.Rfe1 Qxb3 15.axb3 Bb4
16.Ne5 Bf5 17.Bd3 Bxd3 18.Nxd3 a5 19.Rxe8 Rxe8 20.Kf1 Bd6 21.Nc5 Bxc5 22.dxc5 Ne6
23.Na4 Ne4 24.Ba3 Rd8 25.Rxd8+ Nxd8 26.Ke2 Ne6 27.f3 Nf6 28.Bc1 Nd7 29.Bd2 Ndxc5
30.Nxc5 Nxc5 31.Bxa5 Nxb3 32.Bb6 f5  1/2-1/2

[Event "NLD-ch"]
[Site "Hilversum"]
[Date "1989.??.??"]
[Round "3"]
[White "Vanheste, Jeroen"]
[Black "Kuijf, Marinus"]
[Result "1/2-1/2"]
[WhiteElo "2410"]
[BlackElo "2485"]

1.d4 d5 2.c4 c6 3.Nc3 Nf6 4.e3 e6 5.Nf3 Nbd7 6.Bd3 dxc4 7.Bxc4 b5 8.Bd3 a6
9.e4 c5 10.e5 cxd4 11.Nxb5 Nxe5 12.Nxe5 axb5 13.Bxb5+ Bd7 14.Nxd7 Qa5+ 15.Bd2 Qxb5
16.Nxf8 Kxf8 17.a4 Qxb2 18.O-O Ne4 19.Bf4 Nc3 20.Bd6+ Kg8 21.Qf3 Rd8 22.a5 h6
23.Be5 Rd5 24.Rae1 d3 25.Bxc3 Qxc3 26.a6 Qc7 27.Rb1 Kh7 28.Qe4+ f5 29.Qxe6 Qd6
30.Qxd6 Rxd6 31.Rfd1  1/2-1/2

[Event "NLD-ch"]
[Site "Hilversum"]
[Date "1989.??.??"]
[Round "3"]
[White "Langeweg, Kick"]
[Black "Cuijpers, Frans Andre"]
[Result "1/2-1/2"]
[WhiteElo "2365"]
[BlackElo "2405"]

1.d4 d5 2.c4 c6 3.e3 Nf6 4.Nc3 e6 5.Nf3 Nbd7 6.Bd3 dxc4 7.Bxc4 b5 8.Bd3 Bb7
9.O-O b4 10.Ne4 Be7 11.a3 a5 12.Qc2 O-O 13.Nxf6+ Nxf6 14.e4 h6 15.e5 Nd7
16.Bh7+ Kh8 17.Be4 Qb6 18.Be3 c5 19.dxc5 Nxc5 20.Bxb7 Qxb7 21.axb4 Qxb4 22.Ra3 Rfd8
23.Rc3 Na6 24.Nd4 Qb7 25.Nc6 Rd5 26.Rc1 Bf8 27.h3 Kg8 28.Qe2 Nb4 29.Nxb4 Qxb4
30.Qf3 Rad8 31.Rc7 R5d7 32.Rxd7 Rxd7 33.Rc8 Rd5 34.Rc7 Be7 35.Rc8+ Bf8 36.Rc7 Be7
37.Rc8+  1/2-1/2

[Event "NLD-ch"]
[Site "Hilversum"]
[Date "1989.??.??"]
[Round "5"]
[White "Piket, Jeroen"]
[Black "Cuijpers, Frans Andre"]
[Result "1-0"]
[WhiteElo "2500"]
[BlackElo "2405"]

1.d4 d5 2.c4 c6 3.Nc3 Nf6 4.e3 e6 5.Nf3 Nbd7 6.Bd3 dxc4 7.Bxc4 b5 8.Bd3 b4
9.Ne4 Be7 10.O-O Bb7 11.a3 a5 12.Bd2 O-O 13.axb4 axb4 14.Qc2 Qb6 15.Rxa8 Rxa8
16.Rc1 Nxe4 17.Bxe4 h6 18.Qc4 c5 19.Bxb7 Qxb7 20.dxc5 Bxc5 21.Ne1 Bf8 22.Nd3 Rb8
23.Kf1 Nf6 24.Qc6 Qa7 25.Ke2 Rb6 26.Qc4 Qa5 27.f3 Qg5 28.g3 Qh5 29.h4 Qa5
30.g4 Ne8 31.Be1 Rb8 32.Qc6 Rd8 33.Qb7 h5 34.g5 Qf5 35.Rd1 Qd5 36.Qxd5 Rxd5
37.Nxb4 Rb5 38.Nd3 Nd6 39.Ra1 Rb8 40.Bg3 Rc8 41.Bxd6 Bxd6 42.Kd2 Rd8 43.Ra4 Bg3
44.Rc4 f6 45.g6 Kf8 46.b4 f5 47.Ke2 Ke7 48.Rc6 Bd6 49.e4 fxe4 50.fxe4 e5
51.Rb6 Rc8 52.Rb7+ Kf6 53.Rd7 Rc2+ 54.Kf3 Rc6 55.b5 Rb6 56.Rf7+ Kxg6 57.Ra7 Kf6
58.Ra6 Bc7 59.Nb4 Kf7 60.Ra7 Rxb5 61.Rxc7+ Kg6 62.Rc6+ Kf7 63.Nd3  1-0

[Event "NLD-ch"]
[Site "Hilversum"]
[Date "1989.??.??"]
[Round "7"]
[White "Van der Sterren, Paul"]
[Black "Kuijf, Marinus"]
[Result "1/2-1/2"]
[WhiteElo "2500"]
[BlackElo "2485"]

1.d4 d5 2.c4 c6 3.Nf3 Nf6 4.Nc3 e6 5.e3 Nbd7 6.Bd3 dxc4 7.Bxc4 b5 8.Bd3 a6
9.e4 c5 10.d5 c4 11.dxe6 fxe6 12.Bc2 Qc7 13.O-O Bc5 14.Qe2 Ne5 15.Bf4 Nxf3+
16.Qxf3 e5 17.Bg5 O-O 18.Bxf6 gxf6 19.a4 Rb8 20.axb5 axb5 21.b3 Bd4 22.bxc4 bxc4
23.Nd5 Qg7 24.Rab1 Ra8 25.Rb4 Bg4 26.Qg3 Be2 27.Re1 Qxg3 28.hxg3 Ra1 29.Rxa1 Bxa1
30.Rb1 Bd4 31.Re1 Bg4 32.Bd1 Bxd1 33.Rxd1 Kf7 34.Rc1 Rc8 35.Kf1 Ke6 36.g4 c3
37.Ke2 Rb8 38.Rc2 Rg8 39.f3 h5 40.Nxc3 hxg4 41.Nd5 gxf3+ 42.Kxf3 Rg6 43.Rc6+ Kf7
44.Rc7+ Kf8 45.g3 Bg1 46.g4 Bd4 47.Rh7 Kg8 48.Rd7 Kf8 49.Nc7 Bg1 50.Ne6+ Kg8
51.Rb7 Rh6 52.Rg7+ Kh8 53.Rf7 Bb6 54.Rb7 Bg1 55.Rb8+ Kh7 56.Rb1 Bd4 57.Rb7+ Kg8
58.Rg7+ Kh8 59.Rd7 Bg1 60.Rd1 Bb6 61.Rd6 Rh3+ 62.Kg2 Rb3 63.Rd7 Rb4 64.g5 fxg5
65.Nxg5 Be3 66.Nf7+ Kg8 67.Nxe5  1/2-1/2

[Event "NLD-ch"]
[Site "Hilversum"]
[Date "1989.??.??"]
[Round "8"]
[White "Douven, Rudy C"]
[Black "Brenninkmeijer, Joris"]
[Result "1/2-1/2"]
[WhiteElo "2445"]
[BlackElo "2415"]

1.d4 d5 2.c4 c6 3.Nc3 Nf6 4.e3 e6 5.Nf3 Nbd7 6.Be2 dxc4 7.a4 Bd6 8.Nd2 O-O
9.Nxc4 Bc7 10.e4 e5 11.Bg5 exd4 12.Qxd4 Ne5 13.Qxd8 Rxd8 14.Nxe5 Bxe5 15.f4 Bxc3+
16.bxc3 Re8 17.Bxf6 gxf6 18.O-O-O Bf5 19.Bf3 Bxe4 20.Rd7 b5 21.a5 Bxf3 22.gxf3 Kf8
23.Rc7 Rac8 24.Rxa7 Ra8 25.Rc7 Rxa5 26.Kb1 Rea8 27.Kb2 Ra2+ 28.Kb3 Ra1 29.Rxa1 Rxa1
30.Rxc6 Rh1 31.Rxf6 Rxh2 32.Rf5 Rf2 33.Rxb5 Rxf3 34.Rh5 Rxf4  1/2-1/2

[Event "HUN-ch"]
[Site "?"]
[Date "1989.??.??"]
[Round "?"]
[White "Lukacs, Peter"]
[Black "Feher, Gyula"]
[Result "1/2-1/2"]
[WhiteElo "2465"]
[BlackElo "2410"]

1.d4 d5 2.c4 e6 3.Nf3 Nf6 4.Nc3 c6 5.e3 Nbd7 6.Be2 Bd6 7.O-O O-O 8.Qc2 Re8
9.Rd1 Qe7 10.b3 dxc4 11.Bxc4 b5 12.Be2 Bb7 13.Bb2 Rac8 14.Ne4 Nxe4 15.Qxe4 a6  1/2-1/2

[Event "HUN-ch"]
[Site "?"]
[Date "1989.??.??"]
[Round "?"]
[White "Horvath, Csaba"]
[Black "Feher, Gyula"]
[Result "1/2-1/2"]
[WhiteElo "2445"]
[BlackElo "2410"]

1.d4 d5 2.Nf3 Nf6 3.c4 c6 4.Nc3 e6 5.e3 Nbd7 6.Bd3 dxc4 7.Bxc4 b5 8.Bd3 a6
9.e4 c5 10.e5 cxd4 11.Nxb5 axb5 12.exf6 Qb6 13.fxg7 Bxg7 14.O-O Bb7 15.Re1 O-O
16.Bf4 Bd5 17.Rc1 Ra7 18.a3 f5 19.Qe2 e5 20.Nxe5 Nxe5 21.Bxe5 Re7 22.f4 Bxe5
23.fxe5 Rg7 24.Rc2 Rxg2+ 25.Qxg2+ Bxg2 26.Rxg2+ Kf7 27.e6+ Kf6 28.e7 Re8
29.Rf2 Kg7 30.Rxf5 Qd6 31.Rfe5 Qf6 32.Bxb5 Qf4 33.Bxe8 Qg4+ 34.Kf2 Qf4+ 35.Kg2 Qg4+
36.Kf2 Qf4+ 37.Ke2 Qxe5+ 38.Kd1 Qf5 39.Bc6 Qb1+ 40.Ke2 Qc2+ 41.Kf1 Qxc6 42.e8=Q Qf3+
43.Kg1 Qg4+ 44.Kf2 Qf5+ 45.Ke2 Qc2+ 46.Kf1 Qf5+ 47.Kg2 Qg4+ 48.Kf2 Qf5+ 49.Kg3  1/2-1/2

[Event "HUN-ch"]
[Site "?"]
[Date "1989.??.??"]
[Round "?"]
[White "Petran, Pal"]
[Black "Kallai, Gabor"]
[Result "0-1"]
[WhiteElo "2440"]
[BlackElo "2430"]

1.d4 d5 2.Nf3 Nf6 3.c4 c6 4.Nc3 e6 5.e3 Nbd7 6.Bd3 dxc4 7.Bxc4 b5 8.Bd3 a6
9.e4 c5 10.e5 cxd4 11.Nxb5 axb5 12.exf6 Qb6 13.fxg7 Bxg7 14.O-O O-O 15.Qe2 Nc5
16.Bc2 Qd6 17.Rd1 f5 18.Qxb5 Ba6 19.Qb4 Rfb8 20.Qe1 d3 21.Be3 Ne4 22.Bb3 Bxb2
23.Rab1 Bf6 24.Rbc1 Rc8 25.Rxc8+ Rxc8 26.Qa5 Kg7 27.Bf4 Bc3 28.Qa4 Qc6 29.Qxc6 Rxc6
30.Be5+ Bxe5 31.Nxe5 Rc3 32.Nf3 Kf6 33.g3 Nc5 34.Nd4 e5 35.Nf3 Nxb3 36.axb3 Rxb3
37.Ra1 Bb5 38.Nd2 Rb2 39.Rd1 Ba4 40.Nc4 Rb4 41.Rc1 Rxc4  0-1

[Event "Kecskemet"]
[Site "Kecskemet"]
[Date "1989.??.??"]
[Round "?"]
[White "Chekhov, Valery A"]
[Black "Raicevic, Momcilo"]
[Result "1-0"]
[WhiteElo "2480"]
[BlackElo "2375"]

1.d4 d5 2.c4 e6 3.Nc3 c6 4.e3 Nf6 5.Nf3 Nbd7 6.Bd3 dxc4 7.Bxc4 b5 8.Bd3 Bb7
9.O-O a6 10.e4 c5 11.d5 c4 12.Bc2 Bc5 13.dxe6 fxe6 14.Qe2 O-O 15.Ng5 Qb6
16.e5 Qc6 17.Nce4 h6 18.exf6 hxg5 19.fxg7 Kxg7 20.Qg4 Rf5 21.Bxg5 Rg8 22.h4 Ne5
23.Qg3 Bd4 24.Rad1 Nd3 25.Bxd3 cxd3 26.Nd6 Rd5 27.Nxb7 Qxb7 28.Rxd3 Bxb2
29.Rfd1 Rxd3 30.Rxd3 Kh7 31.Qg4 Qf7 32.Rd6 Rg6 33.Qh5+ Kg7 34.Rd8  1-0

[Event "Kecskemet"]
[Site "Kecskemet"]
[Date "1989.??.??"]
[Round "?"]
[White "Chekhov, Valery A"]
[Black "Malich, Burkhard"]
[Result "1/2-1/2"]
[WhiteElo "2480"]
[BlackElo "2440"]

1.d4 d5 2.c4 c6 3.Nc3 Nf6 4.e3 e6 5.Nf3 Nbd7 6.Bd3 Be7 7.O-O O-O 8.b3 b6
9.Bb2 Bb7 10.Qe2 dxc4 11.bxc4 c5 12.Rad1 cxd4 13.exd4 a6 14.Ne5 Re8 15.Rfe1 Bf8
16.Qc2 g6 17.Re3 Bg7 18.Qe2 Qc7 19.f4 Rad8 20.Bc2 Rf8 21.Ba3 Rfe8 22.Na4 Bf8
23.Bb2 Bh6 24.Rh3 Bg7 25.Qf2 Ba8 26.Qh4 h6 27.Rd2 Rb8 28.Nxd7 Nxd7 29.d5  1/2-1/2

[Event "Leningrad"]
[Site "Leningrad"]
[Date "1989.??.??"]
[Round "?"]
[White "Khalifman, Alexander"]
[Black "Kirov, Nino"]
[Result "1-0"]
[WhiteElo "2545"]
[BlackElo "2470"]

1.d4 d5 2.c4 c6 3.Nf3 Nf6 4.Nc3 e6 5.e3 Nbd7 6.Bd3 Be7 7.O-O O-O 8.b3 b6
9.Bb2 Bb7 10.Qe2 Re8 11.Ne5 Nxe5 12.dxe5 Nd7 13.f4 g6 14.Rad1 f5 15.Bb1 a6
16.g4 fxg4 17.Qxg4 Bc5 18.Rf3 Nf8 19.Ne4 dxe4 20.Rxd8 Raxd8 21.Rg3 Re7 22.Bc3 Red7
23.Kf2 b5 24.b4 Rd1 25.Rg1 Rxg1 26.Qxg1 Be7 27.c5 a5 28.a3 axb4 29.axb4 Ra8
30.Qc1 Ra4 31.Bxe4 Bxc5 32.bxc5 Rxe4 33.Bd4 g5 34.Kf3 Rxd4 35.exd4  1-0

[Event "Leningrad-chT"]
[Site "Leningrad"]
[Date "1989.??.??"]
[Round "?"]
[White "Timoshchenko, Gennadi A"]
[Black "Malevinsky, Alexander A"]
[Result "1/2-1/2"]
[WhiteElo "2500"]
[BlackElo "2385"]

1.d4 d5 2.c4 e6 3.Nc3 c6 4.e3 Nf6 5.Nf3 Be7 6.Bd3 O-O 7.O-O c5 8.Qe2 Nc6
9.Rd1 a6 10.dxc5 Bxc5 11.e4 Ng4 12.Rf1 d4 13.Na4 Bd6 14.c5 Bc7 15.h3 Nge5
16.Nxe5 Nxe5 17.Bf4 Nxd3 18.Bxc7 Qxc7 19.Qxd3 Bd7 20.Qxd4 Bxa4 21.Qxa4 Qxc5  1/2-1/2

[Event "Leningrad"]
[Site "Leningrad"]
[Date "1989.??.??"]
[Round "?"]
[White "Yuneev, Alexey"]
[Black "Vera, Reynaldo"]
[Result "1/2-1/2"]
[WhiteElo "2345"]
[BlackElo "2470"]

1.Nf3 d5 2.d4 Nf6 3.c4 e6 4.Nc3 c6 5.e3 Nbd7 6.Bd3 dxc4 7.Bxc4 b5 8.Be2 Bb7
9.e4 b4 10.e5 bxc3 11.exf6 Nxf6 12.bxc3 Bd6 13.Bg5 O-O 14.Rb1 Rb8 15.O-O Ba8
16.Qa4 Qc7 17.Bxf6 gxf6 18.c4 Rxb1 19.Rxb1 Rb8 20.Rxb8+ Qxb8 21.c5 Bf8 22.Qc2 Qb4
23.h3 Bb7 24.Qe4 Qb2 25.Bd3 Qc1+ 26.Kh2 Qh6 27.Qg4+ Kh8 28.Qg3 e5 29.dxe5 Bxc5
30.exf6 Qxf6 31.Qb8+ Kg7 32.Qxb7 Qd6+ 33.Kg1 Qxd3 34.Qxf7+ Kxf7 35.Ne5+ Ke6
36.Nxd3 Bb6 37.Kf1 c5 38.Ke2 c4 39.Nb4 Ke5 40.Nc2 Ke4 41.g3 Bc5 42.f3+ Ke5
43.g4 Kf4 44.h4 Kg3 45.h5 Kf4 46.Ne1 Kg3 47.Nc2 Kf4 48.a3 a5 49.a4 h6 50.Ne1 Kg3
51.g5 hxg5 52.Nc2 Kf4 53.h6 Bf8 54.Ne3 Bxh6 55.Nxc4  1/2-1/2

[Event "Lenk op"]
[Site "Lenk"]
[Date "1989.??.??"]
[Round "?"]
[White "Barlov, Dragan"]
[Black "Erdelyi, Tamas"]
[Result "0-1"]
[WhiteElo "2490"]
[BlackElo "2310"]

1.d4 d5 2.c4 c6 3.Nf3 Nf6 4.e3 e6 5.Nc3 Nbd7 6.Qc2 Bd6 7.Be2 O-O 8.O-O dxc4
9.Bxc4 a6 10.Ne4 Nxe4 11.Qxe4 Nf6 12.Qc2 Qe7 13.e4 e5 14.h3 h6 15.Bd2 Nd7
16.Rfe1 c5 17.dxc5 Nxc5 18.Bc3 Bd7 19.Rad1 Bc6 20.Bd5 Rac8 21.Bxc6 Rxc6 22.Rd5 Nd7
23.Qd2 Nf6 24.Rd3 Re8 25.Nh4 Qe6 26.Nf5 Nxe4 27.Nxh6+ Qxh6 28.Qxh6 gxh6 29.Rxe4 f5
30.Rh4 Re6 31.Rh5 e4 32.Rd5 f4 33.Rdf5 e3 34.fxe3 fxe3 35.Rh4 Rxc3  0-1

[Event "Haringey"]
[Site "London"]
[Date "1989.??.??"]
[Round "?"]
[White "Mortazavi, Ali"]
[Black "Iclicki, Willy"]
[Result "1/2-1/2"]
[WhiteElo "2325"]
[BlackElo "2255"]

1.e3 d5 2.c4 c6 3.Nc3 Nf6 4.d4 e6 5.Nf3 Nbd7 6.Bd3 dxc4 7.Bxc4 b5 8.Bd3 a6
9.O-O c5 10.b3 Bb7 11.Bb2 Be7 12.a3 O-O 13.Qe2 Qb6 14.Rac1 Rac8 15.Bb1 Rfd8
16.Rfd1 Nf8 17.dxc5 Bxc5 18.b4 Be7 19.Nd2 Ng6 20.Nce4 Nxe4 21.Nxe4 Rxd1+
22.Qxd1 Rxc1 23.Qxc1 Qc6 24.Qxc6 Bxc6 25.Nd2 Nf8 26.Nb3 Nd7  1/2-1/2

[Event "London WFW"]
[Site "London"]
[Date "1989.??.??"]
[Round "?"]
[White "Larsen, Bent"]
[Black "Wilder, Michael"]
[Result "1-0"]
[WhiteElo "2580"]
[BlackElo "2540"]

1.Nf3 Nf6 2.c4 e6 3.Nc3 d5 4.d4 c6 5.e3 Nbd7 6.Bd3 dxc4 7.Bxc4 b5 8.Bb3 Bb7
9.O-O a6 10.e4 c5 11.e5 cxd4 12.Qxd4 Bc5 13.Qf4 b4 14.exf6 bxc3 15.fxg7 Rg8
16.Ba4 Rxg7  1-0

[Event "Lugano op"]
[Site "Lugano"]
[Date "1989.??.??"]
[Round "1"]
[White "Bosbach, Gerhard"]
[Black "Sehner, Norbert"]
[Result "1-0"]
[WhiteElo "2250"]
[BlackElo "2415"]

1.d4 d5 2.c4 e6 3.Nf3 c6 4.e3 Nf6 5.Nc3 Nbd7 6.Bd3 dxc4 7.Bxc4 b5 8.Bd3 a6
9.a4 Bb7 10.O-O Be7 11.axb5 cxb5 12.Qe2 b4 13.Nb1 a5 14.e4 h6 15.Bf4 g5 16.Bg3 Qb6
17.Nbd2 g4 18.Ne5 h5 19.Nec4 Qd8 20.d5 exd5 21.Nd6+ Bxd6 22.Bxd6 d4 23.e5 Nd5
24.e6 Nb8 25.Bb5+ Nc6 26.Qe5 Rh6 27.Qxd5 fxe6 28.Bxc6+ Kf7 29.Qe4  1-0